00753nam a22002177a 4500999001900000005001700019010001500036020002700051035001400078037001300092082001500105100002400120245008700144260004600231270004200277300002000319700002100339700002000360942002900380952012600409 c190808d19080820220805114423.0 aENG-134298 a9788181714596c3400.00 aEN-117830 bDBAD/PUB a593.609165 aFernando, S. Antony aGorgonians of Indian Seas/cS. Antony Fernando, K. Venkataraman and C. Raghunathan aKolkatabZoological Survey of Indiac2017 aM-Block, New AliporebKolkatae700053 a330p.c24cm(hb) aVenkataraman, K. aRaghunathan, C. 2ddccENh593.609165mFER 001040718REFaAVbAVd2022-08-05eDBAD/PUBg3400.00l0o593.609165 FERpEN-117830r2022-08-05 00:00:00t1v3400.00yEN